000
00425nam a2200145Ia 4500
008
100204s9999 xx 000 0 und d
082
_b
19696
100
_a
देशपांडे पुरुषोत्तम लक्ष्मण
245
_a
दाद
260
_b
"मौज प्रकाशन , पुणे"
_c
1997
300
_a
198
630
_a
दाद
730
_a
दाद
942
_c
BOOK
999
_c
464118
_d
464115